Handbook of global logistics : (Record no. 18609)

000 -LEADER
fixed length control field 00808cam a2200205Ki 4500
020 ## - INTERNATIONAL STANDARD BOOK NUMBER
ISBN 9781441961327 (electronic bk.)
020 ## - INTERNATIONAL STANDARD BOOK NUMBER
ISBN 1441961321 (electronic bk.)
040 ## - CATALOGING SOURCE
Transcribing agency GW5XE
082 04 - DEWEY DECIMAL CLASSIFICATION NUMBER
Classification number 658 ASI 2008 C149 Or.
245 00 - TITLE STATEMENT
Title Handbook of global logistics :
Remainder of title transportation in international supply chains /
300 ## - PHYSICAL DESCRIPTION
Number of Pages 1 online resource :
Other physical details color maps.
490 1# - SERIES STATEMENT
Series statement International series in operations research & management science,
650 #0 - SUBJECT ADDED ENTRY--TOPICAL TERM
Topical Term Business logistics
700 1# - ADDED ENTRY--PERSONAL NAME
Personal name Bookbinder, James H.
710 2# - ADDED ENTRY--CORPORATE NAME
Corporate name or jurisdiction name as entry element Ohio Library and Information Network.
856 40 - ELECTRONIC LOCATION AND ACCESS
Uniform Resource Identifier http://rave.ohiolink.edu/ebooks/ebc/9781441961327
856 40 - ELECTRONIC LOCATION AND ACCESS
Uniform Resource Identifier http://dx.doi.org/10.1007/978-1-4419-6132-7
856 40 - ELECTRONIC LOCATION AND ACCESS
Uniform Resource Identifier http://proxy.ohiolink.edu:9099/login?url=http://dx.doi.org/10.1007/978-1-4419-6132-7
942 ## - ADDED ENTRY ELEMENTS (KOHA)
Koha item type ADB
952 ## - LOCATION AND ITEM INFORMATION (KOHA)
Withdrawn status [LOCAL, KOHA] 0
Holdings
Source of acquisition Permanent Location Date acquired Koha item type Lost status Shelving location Current Location Full call number
A38470Library Block C2019-12-25សៀវភៅភាសាអង់គ្លេស C149Library Block C658 ASI 2008 C149 Or.
មជ្ឈមណ្ឌលឯការនៃសាកលវិទ្យាល័យភូមិន្ទកសិកម្មចំការដូង

Powered by Koha